| 000 | 00719nam a2200229 i 4500 | ||
|---|---|---|---|
| 001 | bg | ||
| 100 | 1 | _aKENDALL, Robin | |
| 245 | 1 | 0 |
_aZarządzanie ryzykiem dla menedżerów : _bpraktyczne podejście do kontrolowania ryzyka / _cRobin Kendall. |
| 246 |
_iTyt. oryg.: _aRisk management for executives |
||
| 260 |
_aWarszawa : _bLIBER, _c2000. |
||
| 300 |
_aXIX, 194 s. ; _c24 cm. |
||
| 500 | _aTyt. oryg.: "Risk management for executives". | ||
| 650 | 9 |
_aRyzyko _xfinanse |
|
| 650 | 9 |
_aPrzedsiębiorstwo _afinanse _xzarządzanie |
|
| 020 | _a8388170090 | ||
| 040 | _cBPK | ||
| 041 | 1 |
_apl _ben |
|
| 080 | _a336.7:658.14/.17 | ||
| 920 | _a83-88170-09-0 | ||
| 942 | _cKS | ||
| 008 | s pl f |000 0 pol | ||
| 999 |
_c36738 _d36738 |
||
| 856 |
_uhttp://koha.tu.koszalin.pl/cgi-bin/koha/opac-detail.pl?biblionumber=36738 _yKatalog online BPK |
||